[Event "4. Kesarovski-Georgiev Memorial"]
[Site "Sunny Beach BUL"]
[Date "2005.09.21"]
[Round "6.26"]
[White "Dojkova, Galina"]
[Black "Khurshudova, Lyudmila"]
[Result "1-0"]
[WhiteElo "2054"]
[BlackElo "2317"]
[PlyCount "49"]
[EventDate "2005.09.16"]
[EventType "swiss"]
[EventRounds "9"]
[EventCountry "BUL"]
[Source "lmi"]
[SourceDate "2005.09.25"]

1. e4 d5 2. exd5 Qxd5 3. Nc3 Qa5 4. d4 c6 5. Nf3 Bf5 6. Bc4 e6 7. Bd2 Nf6 8.
Qe2 Qc7 9. O-O-O Nbd7 10. Ne5 Nb6 11. Bb3 Nbd5 12. Nxd5 Nxd5 13. g4 Bg6 14. h4
f6 15. Nxg6 hxg6 16. Qxe6+ Be7 17. Bxd5 cxd5 18. Qxd5 Rd8 19. Qe4 Kf7 20. h5
gxh5 21. gxh5 Qc4 22. Qg6+ Kf8 23. h6 Qf7 24. hxg7+ Qxg7 25. Rxh8+ 1-0

[Event "4. Kesarovski-Georgiev Memorial"]
[Site "Sunny Beach BUL"]
[Date "2005.09.21"]
[Round "6.27"]
[White "Vasilev, Plamen"]
[Black "Stoinev, Metodi"]
[Result "0-1"]
[WhiteElo "2011"]
[BlackElo "2285"]
[PlyCount "72"]
[EventDate "2005.09.16"]
[EventType "swiss"]
[EventRounds "9"]
[EventCountry "BUL"]
[Source "lmi"]
[SourceDate "2005.09.25"]

1. d4 Nf6 2. c4 c5 3. d5 b5 4. cxb5 a6 5. b6 e6 6. Nc3 Nxd5 7. Nxd5 exd5 8.
Qxd5 Nc6 9. Nf3 Rb8 10. Ne5 Qf6 11. Nxc6 dxc6 12. Qe4+ Be7 13. h4 O-O 14. Bg5
Qxb2 15. Rb1 Qc3+ 16. Bd2 Qf6 17. g4 Bd8 18. Bg2 Rxb6 19. O-O Rxb1 20. Rxb1
Qxh4 21. Qxc6 Bxg4 22. Qxc5 Be7 23. Qe3 Be6 24. Bc3 Bxa2 25. Ra1 Bc4 26. Ra4
Rb8 27. Be4 Bd5 28. Bxd5 Rb1+ 29. Kg2 Qh1+ 30. Kg3 Rg1+ 31. Kf4 Bd6+ 32. Be5
Qh4+ 33. Kf3 Qh5+ 34. Ke4 Qxe5+ 35. Kd3 Qxd5+ 36. Rd4 Rd1+ 0-1

[Event "4. Kesarovski-Georgiev Memorial"]
[Site "Sunny Beach BUL"]
[Date "2005.09.21"]
[Round "6.28"]
[White "Spasov, Aleksandar"]
[Black "Mahlev, Atanas"]
[Result "1/2-1/2"]
[WhiteElo "2130"]
[BlackElo "2022"]
[PlyCount "115"]
[EventDate "2005.09.16"]
[EventType "swiss"]
[EventRounds "9"]
[EventCountry "BUL"]
[Source "lmi"]
[SourceDate "2005.09.25"]

1. d4 d5 2. Bg5 Nd7 3. c4 c6 4. cxd5 cxd5 5. Nc3 Ngf6 6. Qb3 e6 7. Nf3 Qa5 8.
a3 Bd6 9. e3 Ne4 10. Rc1 Nxg5 11. Nxg5 O-O 12. Bd3 Nf6 13. O-O h6 14. Nf3 a6
15. Bb1 Bd7 16. Qc2 Rfc8 17. Qd3 b5 18. Ne5 Be8 19. b4 Qxa3 20. Nxd5 Qxd3 21.
Nxf6+ gxf6 22. Nxd3 Bc6 23. Nc5 Bd5 24. Bd3 f5 25. Ra1 a5 26. Nd7 Rc3 27. Bxb5
axb4 28. Nf6+ Kf8 29. Nxd5 Rxa1 30. Rxa1 exd5 31. g3 Ke7 32. Rb1 Kf6 33. Kg2
Ke7 34. Rb2 Kd8 35. Ba4 Ke7 36. Bb3 Ke6 37. Rb1 Rd3 38. Rb2 Be7 39. Kf3 Bd6 40.
Ke2 Rc3 41. Kd2 Be7 42. Ke2 Bd6 43. f3 h5 44. e4 fxe4 45. fxe4 f6 46. Bxd5+ Ke7
47. Bb3 h4 48. gxh4 Rh3 49. Kf1 Rxh4 50. Bd5 Rxh2 51. Rxh2 Bxh2 52. Kf2 Kd6 53.
Bb3 Bf4 54. Ke2 Bc1 55. Kd3 Bb2 56. Kc4 Bc3 57. Kb5 Bxd4 58. Kxb4 1/2-1/2

[Event "4. Kesarovski-Georgiev Memorial"]
[Site "Sunny Beach BUL"]
[Date "2005.09.21"]
[Round "6.30"]
[White "Antonov, Ognjan"]
[Black "Georgiev, Steljan"]
[Result "0-1"]
[WhiteElo "2110"]
[BlackElo "1944"]
[PlyCount "68"]
[EventDate "2005.09.16"]
[EventType "swiss"]
[EventRounds "9"]
[EventCountry "BUL"]
[Source "lmi"]
[SourceDate "2005.09.25"]

1. d4 Nf6 2. c4 d6 3. Nc3 Nbd7 4. e4 e5 5. d5 Nc5 6. f3 a5 7. Be3 b6 8. g3 Be7
9. Bg2 O-O 10. Nge2 Nh5 11. f4 exf4 12. gxf4 Bh4+ 13. Kd2 Nf6 14. Qc2 Re8 15.
Ng3 Qe7 16. Bxc5 bxc5 17. Rae1 Ng4 18. Ref1 Nxh2 19. Rxh2 Bxg3 20. Rhh1 Bh4 21.
Kc1 h6 22. Bf3 Rb8 23. Rfg1 Kh8 24. Kb1 Rg8 25. Qd2 Kh7 26. e5 dxe5 27. fxe5
Bf5+ 28. Ka1 g5 29. Qe3 Rbe8 30. d6 Qxd6 31. exd6 Rxe3 32. Nd5 Rxf3 33. Nf6+
Kg7 34. Nxg8 cxd6 0-1

[Event "4. Kesarovski-Georgiev Memorial"]
[Site "Sunny Beach BUL"]
[Date "2005.09.22"]
[Round "7.4"]
[White "Badev, Kiril"]
[Black "Janev, Evgeni"]
[Result "1-0"]
[WhiteElo "2241"]
[BlackElo "2460"]
[PlyCount "107"]
[EventDate "2005.09.16"]
[EventType "swiss"]
[EventRounds "9"]
[EventCountry "BUL"]
[Source "lmi"]
[SourceDate "2005.09.25"]

1. e4 e5 2. Nc3 d6 3. Bc4 Nf6 4. d3 Be7 5. Nge2 Be6 6. O-O Qd7 7. Ng3 h5 8.
Bxe6 fxe6 9. Nge2 Nc6 10. d4 exd4 11. Nxd4 O-O-O 12. Nxc6 Qxc6 13. Qd4 a6 14.
Bg5 h4 15. h3 Rh5 16. Be3 Rc5 17. Qd3 Rc4 18. Bg5 Rh8 19. Rae1 Rh5 20. f4 Rc5
21. Qf3 Kb8 22. Kh1 Qe8 23. Qd3 Rh8 24. b4 Rxg5 25. fxg5 Nh5 26. Ne2 Bxg5 27.
c4 Bf6 28. c5 dxc5 29. bxc5 Qc6 30. Rb1 Bg5 31. Nd4 Qxc5 32. Nxe6 Qe5 33. Nxg5
Qxg5 34. Rf3 Rd8 35. Qe3 Qe5 36. Kg1 Ng3 37. Re1 g5 38. Qc3 Qb5 39. Rf2 Qb6 40.
e5 Re8 41. Qe3 Qe6 42. Qxg5 Qc4 43. Qf4 Qc3 44. Qe3 Qa5 45. e6 Nf5 46. Qe5 Qxe5
47. Rxe5 Nd6 48. Rf4 b5 49. Rxh4 Kb7 50. g4 c5 51. Rxc5 Rxe6 52. g5 Kb6 53. Rc2
Re3 54. Rg2 1-0

[Event "4. Kesarovski-Georgiev Memorial"]
[Site "Sunny Beach BUL"]
[Date "2005.09.22"]
[Round "7.6"]
[White "Georgiev, Krum"]
[Black "Ivanov, Jordan"]
[Result "1/2-1/2"]
[WhiteElo "2468"]
[BlackElo "2347"]
[PlyCount "31"]
[EventDate "2005.09.16"]
[EventType "swiss"]
[EventRounds "9"]
[EventCountry "BUL"]
[Source "lmi"]
[SourceDate "2005.09.25"]

1. e4 c5 2. Nf3 e6 3. c3 Nf6 4. Bd3 d6 5. Bc2 Nc6 6. O-O Be7 7. Re1 e5 8. h3
O-O 9. d4 Qc7 10. Nbd2 Bd7 11. d5 Nd8 12. a4 Ne8 13. Nc4 f6 14. Nh2 Nf7 15. Ng4
g6 16. Qf3 1/2-1/2

[Event "4. Kesarovski-Georgiev Memorial"]
[Site "Sunny Beach BUL"]
[Date "2005.09.22"]
[Round "7.8"]
[White "Dobrev, Nanko"]
[Black "Todorov, Ognjan"]
[Result "1-0"]
[WhiteElo "2426"]
[BlackElo "2335"]
[PlyCount "115"]
[EventDate "2005.09.16"]
[EventType "swiss"]
[EventRounds "9"]
[EventCountry "BUL"]
[Source "lmi"]
[SourceDate "2005.09.25"]

1. d4 d5 2. c4 dxc4 3. Nf3 Nf6 4. e3 Bg4 5. h3 Bh5 6. Bxc4 e6 7. Nc3 Nbd7 8. a3
Bd6 9. e4 Bxf3 10. Qxf3 e5 11. d5 a6 12. O-O Qe7 13. b4 h6 14. Bd2 Nf8 15. Rfc1
Ng6 16. Bf1 O-O 17. Nd1 Nh7 18. Bd3 Nf4 19. Bb1 Ng5 20. Qe3 Ngxh3+ 21. Kf1 Ng5
22. g3 Ng6 23. Qe2 Qd7 24. Qh5 Qh3+ 25. Qxh3 Nxh3 26. Ne3 Ng5 27. Ke2 f6 28.
Ra2 Ne7 29. Nc4 Rfc8 30. Bd3 Nf7 31. Rac2 Kf8 32. Nxd6 cxd6 33. Rc7 Rab8 34. a4
Nd8 35. a5 Ke8 36. b5 axb5 37. Bxb5+ Kf8 38. Bb4 Nf7 39. Bd7 Rd8 40. Kd3 g6 41.
Bd2 h5 42. Rb1 g5 43. Rh1 b6 44. a6 Ra8 45. a7 Nc8 46. Ra1 Ne7 47. Rb1 f5 48.
Rxb6 f4 49. Be6 h4 50. gxh4 gxh4 51. Rxe7 Kxe7 52. Rb7+ Kf6 53. Rxf7+ Kg6 54.
Rb7 Rh8 55. Bh3 Rhf8 56. Ba5 Rf7 57. Rxf7 Kxf7 58. Bb6 1-0

[Event "4. Kesarovski-Georgiev Memorial"]
[Site "Sunny Beach BUL"]
[Date "2005.09.22"]
[Round "7.9"]
[White "Velikov, Petar"]
[Black "Dimitrov, Pavel"]
[Result "1-0"]
[WhiteElo "2422"]
[BlackElo "2161"]
[PlyCount "101"]
[EventDate "2005.09.16"]
[EventType "swiss"]
[EventRounds "9"]
[EventCountry "BUL"]
[Source "lmi"]
[SourceDate "2005.09.25"]

1. Nf3 c5 2. c4 d6 3. g3 g6 4. Bg2 Bg7 5. O-O Nf6 6. d4 O-O 7. Nc3 Nbd7 8. b3
cxd4 9. Nxd4 a6 10. Bb2 Re8 11. Qd2 Qa5 12. Rac1 Rb8 13. h3 Ne5 14. Rfd1 Ned7
15. a3 Qb6 16. b4 Ne5 17. Na4 Qc7 18. c5 d5 19. Nb6 Rd8 20. Qf4 Nh5 21. Qe3 Nc4
22. Nxc4 dxc4 23. Rd2 Bd7 24. Rxc4 Ba4 25. Rc1 Nf6 26. Nf3 Nd5 27. Qe4 Bxb2 28.
Rxb2 b6 29. Qe5 Qc8 30. Nd4 e6 31. Rd2 a5 32. e4 Ne7 33. c6 Ra8 34. b5 Ra7 35.
Rc4 f6 36. Qxf6 Rf8 37. Qe5 Bxb5 38. Nxb5 Ra8 39. Rd7 Rf7 40. Qxe6 Qf8 41. Nd6
b5 42. Rc1 b4 43. axb4 axb4 44. c7 b3 45. Qxb3 h5 46. Nxf7 Qxf7 47. Rd8+ Kg7
48. Qc3+ Kh6 49. Rxa8 h4 50. Rh8+ Kg5 51. Qe5+ 1-0

[Event "4. Kesarovski-Georgiev Memorial"]
[Site "Sunny Beach BUL"]
[Date "2005.09.22"]
[Round "7.10"]
[White "Dimitrov, Vladimir"]
[Black "Bozov, Ahmet"]
[Result "1-0"]
[WhiteElo "2418"]
[BlackElo "2091"]
[PlyCount "67"]
[EventDate "2005.09.16"]
[EventType "swiss"]
[EventRounds "9"]
[EventCountry "BUL"]
[Source "lmi"]
[SourceDate "2005.09.25"]

1. c4 e5 2. g3 Nf6 3. Bg2 d5 4. cxd5 Nxd5 5. Nf3 Nc6 6. O-O Be7 7. d4 e4 8. Ne5
f5 9. Nxc6 bxc6 10. Qa4 Bd7 11. Nc3 a5 12. f3 Bb4 13. Qc2 exf3 14. Bxf3 Bxc3
15. bxc3 O-O 16. c4 Nf6 17. Bf4 Ra6 18. e3 Qc8 19. Rab1 Ne4 20. Rb2 Rb6 21.
Rfb1 Qb7 22. c5 Rb5 23. a4 Rb4 24. Rxb4 axb4 25. Qc4+ Kh8 26. Qxb4 Qc8 27. a5
Be6 28. Be2 Bd5 29. a6 g5 30. Be5+ Kg8 31. a7 Qa8 32. Qb8 Nc3 33. Qxf8+ Kxf8
34. Rb8+ 1-0

[Event "4. Kesarovski-Georgiev Memorial"]
[Site "Sunny Beach BUL"]
[Date "2005.09.22"]
[Round "7.11"]
[White "Petrov, Marijan"]
[Black "Dimitrov, Radoslav"]
[Result "1-0"]
[WhiteElo "2406"]
[BlackElo "2099"]
[PlyCount "87"]
[EventDate "2005.09.16"]
[EventType "swiss"]
[EventRounds "9"]
[EventCountry "BUL"]
[Source "lmi"]
[SourceDate "2005.09.25"]

1. e4 c6 2. d4 d5 3. e5 Bf5 4. Nf3 e6 5. a3 Nd7 6. Be2 Ne7 7. Nh4 Bg6 8. Nd2
Nf5 9. Nxg6 hxg6 10. Nf3 Be7 11. c3 Qb6 12. b4 a5 13. Bd2 O-O 14. h4 Qd8 15.
Bd3 axb4 16. axb4 Rxa1 17. Qxa1 b6 18. Qa7 c5 19. Bb5 Qa8 20. Qxa8 Rxa8 21. Ke2
Nf8 22. Bc6 Ra2 23. dxc5 bxc5 24. b5 Bd8 25. Rb1 Bb6 26. Kd1 g5 27. Bxg5 Ng6
28. h5 f6 29. hxg6 fxg5 30. Bd7 Kf8 31. Bxe6 Ne7 32. Bf7 Rxf2 33. Ra1 Nf5 34.
Ra6 Bd8 35. Re6 Rf1+ 36. Ke2 Ng3+ 37. Kd3 c4+ 38. Kd4 Rd1+ 39. Kc5 Ne4+ 40. Kc6
Be7 41. b6 Rb1 42. Nd4 Nxc3 43. Rd6 Bxd6 44. exd6 1-0

[Event "4. Kesarovski-Georgiev Memorial"]
[Site "Sunny Beach BUL"]
[Date "2005.09.22"]
[Round "7.12"]
[White "Jordanov, Nikolay"]
[Black "Nikolov, Sasho"]
[Result "0-1"]
[WhiteElo "2257"]
[BlackElo "2400"]
[PlyCount "114"]
[EventDate "2005.09.16"]
[EventType "swiss"]
[EventRounds "9"]
[EventCountry "BUL"]
[Source "lmi"]
[SourceDate "2005.09.25"]

1. e4 b6 2. d4 Bb7 3. f3 e6 4. Be3 c5 5. c3 d5 6. e5 Ne7 7. Bd3 Nec6 8. f4 Ba6
9. Nf3 cxd4 10. Nxd4 Bxd3 11. Qxd3 Bc5 12. O-O O-O 13. Nd2 Bxd4 14. Bxd4 Nd7
15. Rae1 Qc7 16. Rf3 Rfe8 17. Rg3 Rac8 18. Nf3 Ne7 19. Rh3 Nf8 20. Rf1 Qc4 21.
Qb1 b5 22. b3 Qc7 23. g4 Qd7 24. Ng5 h6 25. Nf3 a5 26. Ne1 b4 27. cxb4 axb4 28.
Nd3 Nc6 29. Bc5 Ng6 30. Kh1 d4 31. Bd6 Qb7 32. Kg1 Qb5 33. Rf2 Rcd8 34. Qe1 f6
35. Qe4 f5 36. Qg2 Nge7 37. g5 Kf7 38. Rc2 Rc8 39. Rc5 Qa6 40. Rg3 hxg5 41.
Rxg5 g6 42. Rg3 Rh8 43. Bxe7 Nxe7 44. Nxb4 Qa7 45. Rxc8 Rxc8 46. Nd3 Rc3 47.
Qh3 Qxa2 48. Qh7+ Ke8 49. Qh8+ Kd7 50. Qb8 Qa6 51. Qd6+ Qxd6 52. exd6 Kxd6 53.
Ne5 Kd5 54. Kf1 Ke4 55. Ke2 Kxf4 56. Nxg6+ Nxg6 57. Rxg6 e5 0-1

[Event "4. Kesarovski-Georgiev Memorial"]
[Site "Sunny Beach BUL"]
[Date "2005.09.22"]
[Round "7.13"]
[White "Milchev, Nikolay"]
[Black "Drenchev, Petar"]
[Result "0-1"]
[WhiteElo "2182"]
[BlackElo "2412"]
[PlyCount "68"]
[EventDate "2005.09.16"]
[EventType "swiss"]
[EventRounds "9"]
[EventCountry "BUL"]
[Source "lmi"]
[SourceDate "2005.09.25"]

1. Nf3 Nf6 2. c4 e6 3. g3 d5 4. Bg2 d4 5. d3 c5 6. O-O Nc6 7. Na3 Be7 8. Rb1
O-O 9. Nc2 e5 10. b4 cxb4 11. a3 bxa3 12. Bxa3 Bxa3 13. Nxa3 Qe7 14. Nc2 Rd8
15. Nd2 Bf5 16. f3 Rac8 17. Qc1 b6 18. Qb2 Qe6 19. Qb5 Bh3 20. Ra1 Bxg2 21.
Kxg2 Nd7 22. Nb3 Rc7 23. Nb4 Nxb4 24. Qxb4 Nb8 25. Rfc1 Nc6 26. Qb5 Ne7 27. Ra6
Nf5 28. Rca1 Ne3+ 29. Kf2 Qh3 30. Qxe5 Qxh2+ 31. Ke1 Rxc4 32. Nxd4 Nc2+ 33. Kf1
Rcxd4 34. Rxa7 Rh4 0-1

[Event "4. Kesarovski-Georgiev Memorial"]
[Site "Sunny Beach BUL"]
[Date "2005.09.22"]
[Round "7.14"]
[White "Angelov, Angel"]
[Black "Nikolov, Momchil"]
[Result "0-1"]
[WhiteElo "2222"]
[BlackElo "2400"]
[PlyCount "86"]
[EventDate "2005.09.16"]
[EventType "swiss"]
[EventRounds "9"]
[EventCountry "BUL"]
[Source "lmi"]
[SourceDate "2005.09.25"]

1. e4 c5 2. Nf3 e6 3. d4 cxd4 4. Nxd4 a6 5. c4 Nf6 6. Bd3 Nc6 7. Nxc6 dxc6 8.
O-O e5 9. Qe2 Bc5 10. Be3 Qe7 11. Bxc5 Qxc5 12. Kh1 O-O 13. Nd2 Be6 14. Nb3 Qe7
15. f4 exf4 16. Rxf4 Nd7 17. Qe3 Ne5 18. Rc1 Rad8 19. Be2 Qg5 20. h3 Rfe8 21.
Rc3 b6 22. a4 a5 23. c5 Bxb3 24. Rxb3 bxc5 25. Rf1 Qxe3 26. Rxe3 Rd4 27. Rc1 c4
28. Kg1 Rb8 29. Rc2 Rb4 30. Kf2 Rxa4 31. Rec3 Rxe4 32. Bf3 Rd4 33. Ke3 c5 34.
b3 Rb4 35. bxc4 Rdxc4 36. Rxc4 Rxc4 37. Rd2 g6 38. Rd8+ Kg7 39. Ra8 Nxf3 40.
Kxf3 a4 41. Ke3 Rc2 42. Kf3 Rc3+ 43. Ke2 a3 0-1

[Event "4. Kesarovski-Georgiev Memorial"]
[Site "Sunny Beach BUL"]
[Date "2005.09.22"]
[Round "7.16"]
[White "Orev, Petar"]
[Black "Vladimirov, Vladimir"]
[Result "0-1"]
[WhiteElo "2222"]
[BlackElo "2267"]
[PlyCount "104"]
[EventDate "2005.09.16"]
[EventType "swiss"]
[EventRounds "9"]
[EventCountry "BUL"]
[Source "lmi"]
[SourceDate "2005.09.25"]

1. e4 g6 2. d4 d6 3. Be3 Nf6 4. f3 Bg7 5. Qd2 e5 6. Ne2 c6 7. c4 O-O 8. d5 cxd5
9. cxd5 Nbd7 10. Nbc3 a6 11. Ng3 h5 12. Bd3 b5 13. O-O Nc5 14. Bc2 b4 15. Na4
Nxa4 16. Bxa4 Rb8 17. Rfc1 a5 18. Nf1 h4 19. Bg5 h3 20. g4 Bd7 21. Bxd7 Qxd7
22. Rc6 Nh7 23. Rac1 Rfc8 24. Be3 f5 25. Qc2 Rf8 26. Rc7 Qb5 27. gxf5 gxf5 28.
Qc4 Nf6 29. Qxb5 Rxb5 30. Ng3 Ne8 31. Nxf5 Rxf5 32. exf5 Nxc7 33. Rxc7 Rxd5 34.
Kf2 Bf6 35. Ke2 Rb5 36. b3 d5 37. Rc5 Rxc5 38. Bxc5 Bg5 39. Bb6 Bf4 40. Bxa5
Bxh2 41. Bxb4 Bf4 42. Kf1 d4 43. a4 d3 44. a5 h2 45. Kg2 d2 46. Bxd2 Bxd2 47.
a6 Be3 48. Kxh2 Kf7 49. Kg3 Kf6 50. Kg4 Bb6 51. b4 Bd4 52. b5 Be3 0-1

[Event "4. Kesarovski-Georgiev Memorial"]
[Site "Sunny Beach BUL"]
[Date "2005.09.22"]
[Round "7.20"]
[White "Panbukchian, Valentin"]
[Black "Ivanov L, Stojan"]
[Result "1-0"]
[WhiteElo "2339"]
[BlackElo "2081"]
[PlyCount "184"]
[EventDate "2005.09.16"]
[EventType "swiss"]
[EventRounds "9"]
[EventCountry "BUL"]
[Source "lmi"]
[SourceDate "2005.09.25"]

1. f4 d5 2. Nf3 Nf6 3. g3 c6 4. Bg2 Bf5 5. d3 Qb6 6. e3 Nbd7 7. Qe2 h6 8. Nc3
O-O-O 9. Rb1 e6 10. Bd2 Rg8 11. h3 Qc7 12. O-O Bh7 13. e4 dxe4 14. dxe4 Nc5 15.
e5 Nfe4 16. Be1 g5 17. Nd1 gxf4 18. gxf4 f6 19. b4 Nd7 20. Nc3 Ng3 21. Bxg3
Rxg3 22. Qf2 Qb6 23. Kh2 Qxf2 24. Rxf2 Rg8 25. b5 fxe5 26. bxc6 bxc6 27. Nxe5
Bc5 28. Re2 Nxe5 29. fxe5 Kc7 30. Be4 Bxe4 31. Nxe4 Bd4 32. Kh1 Bxe5 33. Nc5
Rd5 34. Nd3 Rg5 35. Rf1 Kd6 36. Rf8 Bg7 37. Rf7 a5 38. Nf2 Rde5 39. Ne4+ Kd5
40. Rd7+ Kc4 41. Re3 Rd5 42. Nxg5 Rxd7 43. Nxe6 Bf6 44. Rf3 Be5 45. Rf5 Rd5 46.
Rh5 Kc3 47. h4 Kxc2 48. Rxh6 c5 49. Kg2 c4 50. Kf3 Kd3 51. Rh5 c3 52. Nf4+ Kd2
53. Nxd5 c2 54. Rxe5 c1=Q 55. Re2+ Kd3 56. Nf4+ Kc4 57. h5 Qc3+ 58. Kg4 Qg7+
59. Kf5 Qf7+ 60. Kg5 Qg7+ 61. Ng6 Qc3 62. Re5 Qg3+ 63. Kf6 Qf3+ 64. Rf5 Qc6+
65. Kg7 Qd7+ 66. Rf7 Qd4+ 67. Kh7 Qe4 68. Rc7+ Kd4 69. h6 Qd5 70. Re7 Kc3 71.
Kg7 Qd4+ 72. Ne5 Qg1+ 73. Kf8 Qf2+ 74. Nf7 Qf5 75. Re5 Qc8+ 76. Ke7 Qc7+ 77.
Ke6 Qc8+ 78. Kf6 Qh3 79. Kg6 Qg4+ 80. Ng5 Qd4 81. Re6 Qd3+ 82. Ne4+ Kb4 83. h7
Qd5 84. Re8 Qc6+ 85. Nf6 Qc2+ 86. Re4+ Ka3 87. h8=Q Qg2+ 88. Kf7 Qxa2+ 89. Re6
Qb3 90. Qh1 Kb2 91. Ne4 Qb4 92. Re7 Qb5 1-0

[Event "4. Kesarovski-Georgiev Memorial"]
[Site "Sunny Beach BUL"]
[Date "2005.09.22"]
[Round "7.22"]
[White "Stoinev, Metodi"]
[Black "Dikov, Dian"]
[Result "1-0"]
[WhiteElo "2285"]
[BlackElo "2068"]
[PlyCount "43"]
[EventDate "2005.09.16"]
[EventType "swiss"]
[EventRounds "9"]
[EventCountry "BUL"]
[Source "lmi"]
[SourceDate "2005.09.25"]

1. e4 c5 2. Nf3 d6 3. d4 cxd4 4. Nxd4 Nf6 5. Nc3 a6 6. Be3 e6 7. f3 Qc7 8. g4
h6 9. Qd2 b6 10. O-O-O Bb7 11. h4 g6 12. Bh3 Bc8 13. g5 Ng8 14. h5 Nc6 15. hxg6
Nxd4 16. gxf7+ Qxf7 17. Bxd4 e5 18. Bxe5 Bxh3 19. Bxh8 Be6 20. gxh6 Rd8 21. h7
Ne7 22. Bf6 1-0

[Event "4. Kesarovski-Georgiev Memorial"]
[Site "Sunny Beach BUL"]
[Date "2005.09.22"]
[Round "7.23"]
[White "Bonev, Todor"]
[Black "Dojkova, Galina"]
[Result "1-0"]
[WhiteElo "2234"]
[BlackElo "2054"]
[PlyCount "65"]
[EventDate "2005.09.16"]
[EventType "swiss"]
[EventRounds "9"]
[EventCountry "BUL"]
[Source "lmi"]
[SourceDate "2005.09.25"]

1. e4 e6 2. d4 d5 3. exd5 exd5 4. c4 Nf6 5. Nc3 c6 6. Nf3 Bd6 7. cxd5 Nxd5 8.
Bc4 O-O 9. O-O Nxc3 10. bxc3 Bg4 11. h3 Bh5 12. a4 Nd7 13. Re1 Nb6 14. Bd3 Nd5
15. c4 Nf4 16. Be4 Re8 17. Qb3 f5 18. Bxf4 Bxf4 19. Bxf5 Rxe1+ 20. Rxe1 Bxf3
21. Qxf3 Qxd4 22. Rd1 Qe5 23. Qg4 Rf8 24. Bb1 Bh2+ 25. Kh1 h5 26. Qg6 Rxf2 27.
Qh7+ Kf7 28. Qh8 Qc7 29. Re1 Be5 30. Qxh5+ Ke6 31. Qe8+ Kf6 32. Qg6+ Ke7 33.
Qxg7+ 1-0

[Event "4. Kesarovski-Georgiev Memorial"]
[Site "Sunny Beach BUL"]
[Date "2005.09.22"]
[Round "7.24"]
[White "Arnaudov, G  Petar"]
[Black "Nikolova, Adriana"]
[Result "0-1"]
[WhiteElo "2207"]
[BlackElo "2035"]
[PlyCount "76"]
[EventDate "2005.09.16"]
[EventType "swiss"]
[EventRounds "9"]
[EventCountry "BUL"]
[Source "lmi"]
[SourceDate "2005.09.25"]

1. d4 Nf6 2. c4 e6 3. Nf3 c5 4. d5 exd5 5. cxd5 d6 6. Nc3 g6 7. e4 a6 8. a4 Bg7
9. h3 O-O 10. Bd3 Qc7 11. Nd2 Nbd7 12. O-O Ne5 13. Be2 g5 14. Re1 Ng6 15. Nc4
h6 16. Bf1 Nd7 17. g3 Nde5 18. Ne3 f5 19. exf5 Bxf5 20. Bg2 Bd7 21. Qh5 Rf7 22.
Be4 Ne7 23. Ng2 g4 24. Bxh6 gxh3 25. Ne3 Bxh6 26. Qxh6 Rg7 27. Kh2 Nf5 28. Bxf5
Bxf5 29. Qf4 Bg4 30. Ne4 Rf8 31. Nf6+ Rxf6 32. Qxf6 Nf3+ 33. Kh1 Nxe1 34. Nxg4
Qe7 35. Qf5 Qe2 36. Nf6+ Kf7 37. Nh5+ Kg8 38. Nxg7 Qf1+ 0-1

[Event "4. Kesarovski-Georgiev Memorial"]
[Site "Sunny Beach BUL"]
[Date "2005.09.22"]
[Round "7.27"]
[White "Asparuhov, Parvan"]
[Black "Chervenkov, Dinko"]
[Result "1-0"]
[WhiteElo "2141"]
[BlackElo "2001"]
[PlyCount "67"]
[EventDate "2005.09.16"]
[EventType "swiss"]
[EventRounds "9"]
[EventCountry "BUL"]
[Source "lmi"]
[SourceDate "2005.09.25"]

1. e4 e5 2. Nf3 Nc6 3. Bc4 Bc5 4. b4 Bxb4 5. c3 Bc5 6. d4 exd4 7. O-O dxc3 8.
Bxf7+ Kxf7 9. Qd5+ Kf8 10. Qxc5+ d6 11. Qxc3 Qf6 12. Qa3 Nge7 13. Bb2 Qg6 14.
Nbd2 Be6 15. Rae1 Kf7 16. Nd4 Nxd4 17. Bxd4 c5 18. Ba1 Rhf8 19. f4 Bd7 20. f5
Qh6 21. Qb3+ Ke8 22. Nc4 Bc6 23. f6 gxf6 24. Nxd6+ Kd7 25. Rd1 Kc7 26. Qe6 Ng8
27. Nf5 Qg5 28. Qd6+ Kb6 29. Rb1+ Ka6 30. Qxc5 Ba4 31. Qc4+ b5 32. Qc6+ Ka5 33.
Bc3+ b4 34. Bxb4# 1-0

[Event "4. Kesarovski-Georgiev Memorial"]
[Site "Sunny Beach BUL"]
[Date "2005.09.22"]
[Round "7.28"]
[White "Angelov, Zvetomir"]
[Black "Sotirov, Nikolaj"]
[Result "1-0"]
[WhiteElo "2098"]
[BlackElo "2140"]
[PlyCount "71"]
[EventDate "2005.09.16"]
[EventType "swiss"]
[EventRounds "9"]
[EventCountry "BUL"]
[Source "lmi"]
[SourceDate "2005.09.25"]

1. Nf3 c5 2. g3 g6 3. Bg2 Bg7 4. O-O Nf6 5. d3 O-O 6. Nbd2 Nc6 7. e4 d5 8. c3
dxe4 9. dxe4 Bg4 10. Qe2 Qc8 11. Re1 Ne5 12. Nc4 Nxf3+ 13. Bxf3 Bxf3 14. Qxf3
b5 15. Ne3 Qb7 16. Nf1 Rfd8 17. Qe2 a5 18. a4 c4 19. axb5 Rd3 20. e5 Nd5 21.
Qc2 Qxb5 22. Qa4 Qc5 23. Be3 Qc8 24. Bd4 h5 25. Qb5 Nb4 26. cxb4 Rxd4 27. bxa5
Rb8 28. Qa4 Rxb2 29. Qa3 Rb7 30. a6 Ra7 31. Qe3 Qd7 32. Reb1 Rd3 33. Qc5 c3 34.
Ne3 Bh6 35. e6 fxe6 36. Rb8+ 1-0

[Event "4. Kesarovski-Georgiev Memorial"]
[Site "Sunny Beach BUL"]
[Date "2005.09.22"]
[Round "7.29"]
[White "Ochkov, Radoslav"]
[Black "Spasov, Aleksandar"]
[Result "0-1"]
[WhiteElo "1725"]
[BlackElo "2130"]
[PlyCount "82"]
[EventDate "2005.09.16"]
[EventType "swiss"]
[EventRounds "9"]
[EventCountry "BUL"]
[Source "lmi"]
[SourceDate "2005.09.25"]

1. c4 e5 2. Nc3 Bb4 3. e3 Bxc3 4. bxc3 d6 5. d4 e4 6. g3 f5 7. Bg2 Nf6 8. Ne2
O-O 9. O-O c5 10. Qb3 Nc6 11. a4 b6 12. Nf4 g5 13. Nd5 Ba6 14. Nxf6+ Rxf6 15.
f3 Na5 16. Qc2 Bxc4 17. Rf2 Bd3 18. Qd1 Rc8 19. Bf1 c4 20. Ba3 Kg7 21. Raa2 Rc7
22. fxe4 Bxe4 23. Bb4 Nc6 24. Rab2 Ne7 25. g4 Nd5 26. gxf5 Rxf5 27. Qg4 Rxf2
28. Rxf2 Bg6 29. e4 Nxb4 30. cxb4 Qe7 31. Qg3 Bxe4 32. Re2 c3 33. Re1 c2 34.
Qe3 d5 35. Bg2 Qf6 36. Bxe4 dxe4 37. Rc1 Qf4 38. Qxf4 gxf4 39. d5 Kf6 40. d6
Rc4 41. d7 Ke7 0-1

[Event "4. Kesarovski-Georgiev Memorial"]
[Site "Sunny Beach BUL"]
[Date "2005.09.23"]
[Round "8.1"]
[White "Savchenko, Stanislav"]
[Black "Collas, Silvia"]
[Result "1-0"]
[WhiteElo "2506"]
[BlackElo "2372"]
[PlyCount "73"]
[EventDate "2005.09.16"]
[EventType "swiss"]
[EventRounds "9"]
[EventCountry "BUL"]
[Source "lmi"]
[SourceDate "2005.09.25"]

1. d4 Nf6 2. Nf3 e6 3. c4 b6 4. g3 Ba6 5. b3 Bb4+ 6. Bd2 Be7 7. Nc3 d5 8. cxd5
exd5 9. Bg2 O-O 10. O-O Re8 11. Ne5 Bb7 12. Rc1 a6 13. Bf4 Nbd7 14. Qc2 Ba3 15.
Rcd1 Bd6 16. Nd3 Qe7 17. Bxd6 Qxd6 18. b4 Qe7 19. Rc1 Nf8 20. e3 Ng6 21. Ne2 h5
22. Nef4 Nxf4 23. gxf4 Ng4 24. Kh1 Qf6 25. Ne5 Nh6 26. Bf3 h4 27. Rg1 Nf5 28.
Rg5 g6 29. Rcg1 Kh7 30. Be2 Rg8 31. Bd3 Bc8 32. Ng4 Qd6 33. Bxf5 Bxf5 34. Rxf5
gxf5 35. Qxf5+ Rg6 36. Qxf7+ Rg7 37. Qh5+ 1-0

[Event "4. Kesarovski-Georgiev Memorial"]
[Site "Sunny Beach BUL"]
[Date "2005.09.23"]
[Round "8.2"]
[White "Badev, Kiril"]
[Black "Radulski, Julian"]
[Result "1/2-1/2"]
[WhiteElo "2241"]
[BlackElo "2502"]
[PlyCount "29"]
[EventDate "2005.09.16"]
[EventType "swiss"]
[EventRounds "9"]
[EventCountry "BUL"]
[Source "lmi"]
[SourceDate "2005.09.25"]

1. e4 e5 2. Nc3 Nf6 3. g3 Nc6 4. Bg2 Bc5 5. Nge2 d6 6. O-O h5 7. h3 h4 8. g4 g5
9. Nd5 Nxd5 10. exd5 Nd4 11. b4 Nxe2+ 12. Qxe2 Bb6 13. Bb2 O-O 14. c4 Re8 15.
Be4 1/2-1/2